|
|
|
|
| LEADER |
00000cam a2200000 7i4500 |
| 001 |
0000053169 |
| 005 |
20151019.0 |
| 008 |
191015 |
| 020 |
|
|
|a 9789838808101
|
| 090 |
0 |
0 |
|a 428.2
|b GOO
|
| 245 |
1 |
0 |
|a Good english words & expressions
|
| 260 |
|
|
|a Selangor, Malaysia :
|b Eddiplex Sdn Bhd ,
|c 2008
|
| 490 |
0 |
|
|a 2nd Edition
|
| 650 |
|
0 |
|a English language grammar
|
| 999 |
|
|
|a 0001238330
|b Book
|c Adult Collection
|e Cawangan Tangkak
|
| 999 |
|
|
|a 0001238339
|b Book
|c Adult Collection
|e Cawangan Bukit Gambir
|
| 999 |
|
|
|a 0001238341
|b Book
|c Adult Collection
|e Cawangan Taman Sri Lambak
|
| 999 |
|
|
|a 0001238344
|b Book
|c Adult Collection
|e Cawangan Kota Tinggi
|